000 004390000a22001690004500
003 LK-CoMWRAF
008 230817t ||||| |||| 00| 0 eng d
020 _a8171510817
040 _aLK-CoMWRAF
_dLK-CoMWRAF
_eLK-CoMWRAF
041 _aeng
082 _a150
_bIQB
100 _aIqbal, Sir Mohammad
245 _aThe Reconstruction of Religious Thought in Islam
_b
260 _aNew Delhi
_bKitabbhavan
_c1998
300 _ap.205
942 _cBK
999 _c296
_d296